Central Library OPAC University of Rajshahi

The life and activities of Sir John Hawkins, musician, magistrate and friend of Johnson / (Record no. 63204)

MARC details
000 -LEADER
fixed length control field 00796nam a2200217 a 4500
001 - CONTROL NUMBER
control field 63204
003 - CONTROL NUMBER IDENTIFIER
rucl marc code BD-RjUL
005 - DATE AND TIME OF LATEST TRANSACTION
control field 20211209081153.0
008 - FIXED-LENGTH DATA ELEMENTS--GENERAL INFORMATION
fixed length control field 170129s1953 enk 000 0 eng d
035 ## - SYSTEM CONTROL NUMBER
System control number (BD-RjUL)63332
System control number 999686
040 ## - CATALOGING SOURCE
Original cataloging agency ANL
Language of cataloging eng
Transcribing agency ANL
Modifying agency BD-RjUL
041 ## - LANGUAGE CODE
Language code of text/sound track or separate title eng
082 04 - DEWEY DECIMAL CLASSIFICATION NUMBER
Classification number 780.0924
Edition number 23
Author mark and year SCL 1953
100 1# - MAIN ENTRY--PERSONAL NAME
Personal name Scholes, Percy A.
Fuller form of name (Percy Alfred),
Dates associated with a name 1877-1958.
9 (RLIN) 188111
245 14 - TITLE STATEMENT
Title The life and activities of Sir John Hawkins, musician, magistrate and friend of Johnson /
Statement of responsibility, etc. Percy A. Scholes.
260 ## - PUBLICATION, DISTRIBUTION, ETC. (IMPRINT)
Place of publication, distribution, etc. London ;
-- New York ;
-- Toronto :
Name of publisher, distributor, etc. Geoffrey Cumberledge : Oxford University Press,
Date of publication, distribution, etc. 1953 ;
Place of publication, distribution, etc. (Oxford :
Name of publisher, distributor, etc. Charles Batey)
300 ## - PHYSICAL DESCRIPTION
Pagination xiii, 287 p., 12 leaves of plates ;
Size 23 cm.
600 10 - SUBJECT ADDED ENTRY--PERSONAL NAME
Personal name Hawkins, John,
Titles and other words associated with a name Sir,
Dates associated with a name 1719-1789.
942 ## - ADDED ENTRY ELEMENTS (KOHA)
Source of classification or shelving scheme Dewey Decimal Classification
Koha item type Books
Holdings
Lost status Source of classification or shelving scheme Damaged status Not for loan Collection code Permanent Location Current Location Shelving location Date acquired Total Checkouts Full call number Date last seen Copy number Koha item type
  Dewey Decimal Classification   Not For Loan Non-fiction Central Library, University of Rajshahi Central Library, University of Rajshahi Reading Room 29/01/2017   780.0924 SCL 1953 29/01/2017 C-1 Books